000 00381nam a22001457a 4500
005 20200606132808.0
008 200606b xxu||||| |||| 00| 0 eng d
082 _a345.4
110 _aALL INDIA REPORTER
_95795
245 _aALL INDIA REPORTER 1997 (V-84) ALLAHABAD SECTION
260 _bALL INDIA REPORTER PVT. LTD.
300 _a416;p
650 _aLAW
_95701
942 _cJRL
999 _c6863
_d6861